Spieler des Schalke 04 erraten - Statistiken

Allgemein
  • Dieses Quiz wurde 569 mal gespielt
  • Das Durchschnittsergebnis liegt bei 7 aus 10
Antwortstatistiken
Beschreibung Name % Korrekt
Stürmerlegende, wurde 2011/12 mit 29 Treffern Torschützenkönig, gewann mit Schalke 2015 4:3 im Bernabéu und schoss dabei gegen Iker Casillas zwei Tore, insbesondere die letzte Bude (wuchtiger Schuss aus ca. 15 Metern unter den Querbalken) dürfte Fußballkennern noch gut in Erinnerung sein Klaas-Jan Huntelaar
95%
Defensivspieler, welcher aus der Knappenschmiede stammt und es zu einem etablierten S04-Profi schaffte, übernahm das Amt des Mannschaftskapitän von Manuel Neuer, spielte nach seiner Zeit in Gelsenkirchen in Italien und Russland Benedikt Höwedes
93%
stammt ebenfalls aus der Knappenschmiede, gab 2011 sein Bundesligadebüt und war mit 17 Jahren und 117 Tagen der jüngste Schalker, welcher bis dahin in der Bundesliga eingesetzt wurde, erzielte sein erstes (sehenswertes) Tor zum 3:2-Endstand im Viertelfinale des DFB-Pokals gegen Nürnberg in der 119. Minute Julian Draxler
88%
niederländischer Aufstiegsheld 2021/22, schlägt mit seinem linken Zauberfuß brandgefährliche Flanken und Freistöße, spielte vor seiner Zeit bei S04 für Udinese Calcio, wo ihm der Durchbruch jedoch verwehrt blieb Thomas Ouwejan
82%
pfeilschneller Flügelspieler mit guter Physis, der die Veltins Arena von 2008 bis 2015 mit seinen Dribbelaktionen begeisterte, wurde in Lima geboren und spielt(e) auch für die Nationalmannschaft seines Landes, wechselte nach Lokomotive Moskau und wurde bei einem Wiedersehen in der Veltins Arena im Zuge seiner Auswechslung mit Applaus von den Rängen verabschiedet Jefferson Farfan
80%
bei Gegnern aufgrund seiner Aggressivität gefürchteter zentraler Mittelfeldspieler, ehemaliger US-Nationalspieler, seinen Nachnamen hat auch ein berühmter fiktiver Abenteurer Jermaine Jones
79%
stand sowohl beim BVB als auch bei S04 unter Vertrag, Brasilianer, schoss den BVB in einem denkwürdigen Viertelfinale der Champions League 2013 gegen Malaga in allerletzter Sekunde ins Halbfinale Felipe Santana
73%
ein weiterer Spanier, der Name, unter dem er bekannt ist, hat Ähnlichkeit mit dem Konkurrenten vom Getränkehersteller Pepsi, stand vor S04 bei Rayo Vallecano sowie dem FC Sevilla unter Vertrag, brachte es in Gelsenkirchen jedoch nur auf 10 Pflichtspiele Coke
53%
el senor, sein Wechsel 2010 von Spanien nach Gelsenkirchen war eine Sensation, erzielte in 66 Bundesligaspielen 28 Treffer, übergab seine Nummer 7 nach der Zeit auf Schalke an Max Meyer, danach gings in die Wüste zu al-Sadd Sport Club Raul Gonzalez
38%
kam in der Aufstiegssaison zu zwei Kurzeinsätzen, blonde Haare, schwierig auszusprechender Nachname, stand bereits bei RB Salzburg sowie New York Red Bulls unter Vertrag Marc Rzatkowski
19%
Keine übereinstimmenden Quizze gefunden
Verteilung der Resultate
Anzahl Personen mit jedem Resultat
Perzentil nach korrekt beantworteten Fragen
Ihre Resultats-Entwicklung
Sie haben dieses Quiz noch nicht gespielt